00293nam a2200109Ia 4500008004100000041001200041100002300053245007700076260000600153650000600159700001800165221030s9999 xx 000 0 und d aEnglish aS. K. Bhattacharya 0aIndustrial Electronics and Controlcby S. K. Bhattacharya, S. Chatterjee c0 aB aS. Chatterjee